| 000 | 00663nam a2200181Ia 4500 | ||
|---|---|---|---|
| 005 | 20251020182614.0 | ||
| 008 | 200515s9999 xx 000 0 und d | ||
| 082 | _aSC/691.54(02)/D85 | ||
| 100 | _aDUDA, Walter H. | ||
| 245 | 0 | _aManual tecnológico del cemento | |
| 260 | _aBarcelona | ||
| 260 | _c1977 | ||
| 300 | _a332 | ||
| 520 | _aLa meta propuesta en la elaboración de este libro de datos para la industria del cemento era lograr una descripción, lo más general y concisa posible, de los métodos de fabricación, de las máquinas y de los dispositivos e instalaciones que hoy se aplican | ||
| 650 | _aCEMENTO | ||
| 650 | _aMANUALES | ||
| 942 | _cLIB | ||
| 999 |
_c3456 _d3456 |
||